| Tag |
First Indicator |
Second Indicator |
Subfields |
| LEADER |
00000cam a2200000 i 4500 |
| 001 |
in00001037726 |
| 005 |
20150928154528.0 |
| 008 |
790816s1968 scua 00010 eng d |
| 035 |
|
|
|a (OCoLC)05279217
|
| 035 |
|
|
|9 AFJ3001AM
|
| 040 |
|
|
|a GIS
|c GIS
|d TXA
|d UtOrBLW
|
| 049 |
1 |
|
|a TXA2
|
| 090 |
|
|
|a GB705.S7
|b C6 no. 2
|
| 100 |
1 |
|
|a Kenyon, David C.
|
| 245 |
1 |
0 |
|a Prediction of the rate of soil moisture extraction by a single plant /
|c by David C. Kenyon and Jerry R. Lambert.
|
| 264 |
|
1 |
|a Clemson, S.C. :
|b Water Resources Research Institute, Clemson University,
|c 1968.
|
| 300 |
|
|
|a 38 leaves :
|b illustrations, tables ;
|c 28 cm.
|
| 336 |
|
|
|a text
|b txt
|2 rdacontent
|
| 337 |
|
|
|a unmediated
|b n
|2 rdamedia
|
| 338 |
|
|
|a volume
|b nc
|2 rdacarrier
|
| 490 |
1 |
|
|a Clemson University. Water Resources Research Institute. Report ;
|v no. 2
|
| 500 |
|
|
|a Based on Kenyon's thesis (M.S.)--Clemson University.
|
| 504 |
|
|
|a Bibliography: leaves 31-32.
|
| 650 |
|
0 |
|a Osmosis.
|
| 650 |
|
0 |
|a Soil moisture.
|
| 650 |
|
0 |
|a Plants
|x Effect of soil moisture on.
|
| 700 |
1 |
|
|a Lambert, Jerry R.,
|d 1936-
|
| 710 |
1 |
|
|a United States.
|b Office of Water Resources Research.
|
| 830 |
|
0 |
|a Report (Clemson University. Water Resources Research Institute) ;
|v no. 2.
|
| 999 |
|
|
|a MARS
|
| 999 |
f |
f |
|s ed18f793-69fe-3c21-86c2-528e58973b5b
|i ac3a9784-947f-3c52-90b6-6236054c6b68
|t 0
|
| 952 |
f |
f |
|p ric
|a Texas A&M University
|b Rellis Campus
|c Joint Library Facility
|d Remote Storage
|t 0
|e GB705.S7 C6 no.2
|h Library of Congress classification
|i unmediated -- volume
|m A14811441012
|
| 998 |
f |
f |
|a GB705.S7 C6 no.2
|t 0
|l Remote Storage
|